000 00290nam a22001337a 4500
008 170213b xxu||||| |||| 00| 0 eng d
020 _a9780072976441
041 _aeng
080 _26TH
_a61
100 _a4
101 _aSHM
245 _aBIOMEDICAL ETHICS
_cMAPPES, TH.A
942 _2udc
_cBK
999 _c5256
_d5256